000 00972cam a2200301 a 4500
001 4506274
005 20240311004637.0
008 980508s1999 nyu b 001 0 eng
020 _a0312217633 (alk. paper)
040 _aDLC
_cDLC
_dDLC
082 0 0 _a305.3
_221
_bETH.
245 0 0 _aEthnicity, gender, and social change /
_cedited by Rohit Barot, Harriet Bradley, and Steve Fenton.
260 _aNew York :
_bSt. Martin's Press,
_c1999.
300 _ax, 249 p. ;
650 0 _aMinority women
650 0 _aMinority women
650 0 _aWomen immigrants
650 0 _aWomen immigrants
650 0 _aEthnicity.
650 0 _aSex role.
700 1 _aBarot, Rohit.
_eedt
700 1 _aBradley, Harriet.
_eedt
700 1 _aFenton, Steve,
_eedt
856 4 2 _uhttp://www.loc.gov/catdir/bios/hol057/98019163.html
856 4 2 _uhttp://www.loc.gov/catdir/description/hol056/98019163.html
856 4 1 _uhttp://www.loc.gov/catdir/toc/hol052/98019163.html
942 _cL
999 _c560
_d560